Adivina el Grupo en que estuvo este artista - Estadísticas

Estadísticas generales
  • Esta prueba ha sido intentada 32 veces
  • La puntuación promedio es 10 de 16
Estadísticas de respuestas
Foto del grupo Miembro Grupo de música % Correcto
Mick Jagger The Rolling Stones
97%
Paul McCartney The Beatles
93%
Michael Jackson The Jackson Five
93%
Kurt Cobain Nirvana
90%
Freddie Mercury Queen
90%
Harry Styles One Direction
83%
Johnny Ramone Los Ramones
69%
Angus Young AC/DC
66%
Axl Rose Guns N' Roses
66%
Gene Simmons KISS
55%
Thomas Bangalter Daft Punk
52%
Sting The Police
52%
Beyonce Destiny's Child
34%
Thom Yorke Radiohead
34%
George Michael Wham!
34%
Justin Timberlake NSYNC
28%
No se encontraron pruebas coincidentes
Distribución de puntuación
Porcentaje de gente con cada puntuación
Porcentaje por número respondido
Historial de tus puntuaciones
No has intentado esta prueba.